000 00235nam a2200097Ia 4500
005 20251222114404.0
008 251222s1900||||xx |||||||||||||| ||spa||
082 _aDVD0150/C83/2000
245 0 _aMarĂ­a: Figlia del suo Figlio:
942 _cDVD
999 _c1773
_d1773